00647nam a2200205 a 4500008004100000020002000041100002200061245010400083260004000187300001700227300003400244500002000278504004100298650003900339650002400378650001200402003000100414005001700415040000900432  a0412159104(hbk)1 aBusvine, James R.10aInsects and hygiene /b the biology and control of insect pests of medical and domestic importance. aLondon :bChapman and Hall ;c1980. a3rd edition. avii, 568 p. :bill. ;c24 cm. aIncludes Index. aIncludes bibloigraphical references. aBiology and Control of Insect Pest aInsects and Hygiene aInsects20230120203906.0 cNUST